Central Library OPAC University of Rajshahi

Poems, letters, and essays / (Record no. 65609)

MARC details
000 -LEADER
fixed length control field 00972nam a2200289 a 4500
001 - CONTROL NUMBER
control field 65609
003 - CONTROL NUMBER IDENTIFIER
rucl marc code BD-RjUL
005 - DATE AND TIME OF LATEST TRANSACTION
control field 20211209081438.0
008 - FIXED-LENGTH DATA ELEMENTS--GENERAL INFORMATION
fixed length control field 170308s1946 enk 001 0 eng d
035 ## - SYSTEM CONTROL NUMBER
System control number (BD-RjUL) 65739
040 ## - CATALOGING SOURCE
Original cataloging agency DLC
Transcribing agency NNU
Modifying agency BD-RjUL
Language of cataloging eng
041 ## - LANGUAGE CODE
Language code of text/sound track or separate title eng
082 ## - DEWEY DECIMAL CLASSIFICATION NUMBER
Classification number 821.6
Edition number 23
Author mark and year GRP 1946
100 1# - MAIN ENTRY--PERSONAL NAME
Personal name Gray, Thomas,
Dates associated with a name 1716-1771.
9 (RLIN) 194101
245 00 - TITLE STATEMENT
Title Poems, letters, and essays /
Statement of responsibility, etc. [by] Thomas Gray.
260 ## - PUBLICATION, DISTRIBUTION, ETC. (IMPRINT)
Place of publication, distribution, etc. London,
Name of publisher, distributor, etc. E.P. Dutton & co., inc.
Date of publication, distribution, etc. 1912[Reprinted 1946]
300 ## - PHYSICAL DESCRIPTION
Pagination xxiii, 390 p., 1 l
Size 18 cm.
490 0# - SERIES STATEMENT
Series statement Everyman's library,
500 ## - GENERAL NOTE
General note Introduction by John Drinkwater.
General note "First published in this edition 1912; reprinted ... 1937."
General note "Works of Thomas Gray" : p. xiv.
600 10 - SUBJECT ADDED ENTRY--PERSONAL NAME
Personal name Gray, Thomas,
Dates associated with a name 1716-1771
General subdivision Correspondence.
650 #0 - SUBJECT ADDED ENTRY--TOPICAL TERM
Topical term or geographic name as entry element Poets, English
Chronological subdivision 18th century
General subdivision Correspondence.
9 (RLIN) 194102
856 ## - ELECTRONIC LOCATION AND ACCESS
Materials specified Everyman's library,
942 ## - ADDED ENTRY ELEMENTS (KOHA)
Source of classification or shelving scheme Dewey Decimal Classification
Koha item type Books
Holdings
Lost status Source of classification or shelving scheme Damaged status Not for loan Collection code Permanent Location Current Location Shelving location Date acquired Source of acquisition Cost, normal purchase price Total Checkouts Full call number Date last seen Copy number Koha item type
  Dewey Decimal Classification   Not For Loan Fiction Central Library, University of Rajshahi Central Library, University of Rajshahi Reading Room 17/09/1955 B.H.Blackwell. 5.00   821.6 GRP 1946 08/03/2017 C-1 Books